Countries Where Holocaust Denial is Illegal - Statistics

General Stats
  • This quiz has been taken 527 times
    78 since last reset
  • The average score is 16 of 20
Answer Stats
Country % Correct
Germany
99%
France
90%
Russia
90%
Poland
89%
Austria
85%
Belgium
83%
Italy
83%
Netherlands
83%
Czech Republic
81%
Ukraine
81%
Luxembourg
76%
Slovakia
75%
Hungary
72%
Israel
71%
Greece
69%
Switzerland
69%
Canada
68%
Portugal
68%
Lithuania
67%
Romania
67%
No matching quizzes found
Score Distribution
Percent of People with Each Score
Percentile by Number Answered
Your Score History
You have not taken this quiz since the last reset